Chansons de L2B - Album Nés pour briller (Book III) - Statistiques

Statistiques générales
  • Ce quiz a été pris 67 fois
  • Le résultat moyen est 7 sur 11
Statistiques - réponses
Ordre dans l'album Chansons % Correct
07 Cama / Sosa
90%
01 Book III
76%
02 Jump
76%
04 Only
71%
05 David Douillet
67%
06 Empire
67%
09 Bla Bla
63%
11 Commentaires
61%
10 Gov
59%
03 Benzo
55%
08 Obstacle
51%
Aucun quiz correspondant
Distribution des résultats
% des personnes avec chaque résultat
Percentile par nombre de réponses
Votre historique - résultats
Vous n’avez pas pris ce quiz